00787nam a2200205 a 450000100100000000500170001000800410002704000250006808200200009324500730011326000700018630000210025659000260027765000460030365000310034965000300038070000360041095201180044699900170056400004733820240412074306.0180503s1988 dr 000 0 spa d aDO-SdBNPbspacBNPHU aRD861.08bN964a00aNueva antología de poetas mocanos /ccompilador Julia Jaime Julia. aSanto Domingo, República Dominicana :bEditora corripio,c1988. a174 p. ;c24 cm. aInventariado, 2018/VM aPoesías dominicanasxColecciones972815 0aLiteratura dominicana.967 4aAutores dominicanos918901 aJulia Jaime Juliaecomp.975003 0010718PDaPDbPDcHDd2018-05-03iLF1l0oRD861.08 N964ap47338-10r2020-06-25w2020-06-25yLFPDZNo se presta c46826d46826